[Event "27th Czech Open A 2016"]
[Site "Pardubice CZE"]
[Date "2016.07.27"]
[Round "6.58"]
[White "Hollan, Petr"]
[Black "Lomasov, Semen"]
[Result "1/2-1/2"]
[WhiteTitle "FM"]
[BlackTitle "FM"]
[WhiteElo "2263"]
[BlackElo "2395"]
[WhiteFideId "360945"]
[BlackFideId "24164879"]
[EventDate "2016.07.22"]

1. d4 Nf6 2. c4 e6 3. Nc3 Bb4 4. e3 O-O 5. Bd3 d5 6. Ne2 c5 7. O-O Nc6 8. dxc5
Bxc5 9. Nf4 dxc4 10. Bxc4 Ne5 11. Be2 Bd7 12. Nd3 Nxd3 13. Bxd3 Bc6 14. e4 Qd6
15. Qe2 Bd4 16. Nb5 Bxb5 17. Bxb5 Rfd8 18. Kh1 a6 19. Ba4 b5 20. Bb3 Qe5 21. Re1
Rac8 22. f4 Qc5 23. e5 Nd7 24. f5 Re8 25. fxe6 fxe6 26. Bf4 Nf8 27. Rac1 Qb6 28.
Bg3 a5 29. Rxc8 Rxc8 30. Rf1 Qc6 31. a3 a4 32. Ba2 Kh8 33. h4 Bc5 34. Qg4 Qe8
35. h5 Be3 36. Bb1 Rc1 37. Rxc1 Bxc1 38. Qe2 Qf7 39. Bd3 Kg8 40. Bxb5 Bf4 41.
Bxf4 Qxf4 42. Be8 Qh4+ 43. Kg1 Qd8 44. Bb5 1/2-1/2

[Event "27th Czech Open A 2016"]
[Site "Pardubice CZE"]
[Date "2016.07.27"]
[Round "6.59"]
[White "Batchimeg, Tuvshintugs"]
[Black "Holtman, Teodor"]
[Result "1-0"]
[WhiteTitle "IM"]
[WhiteElo "2391"]
[BlackElo "2238"]
[WhiteFideId "4900839"]
[BlackFideId "14933721"]
[EventDate "2016.07.22"]

1. d4 Nf6 2. Nf3 c5 3. d5 e6 4. c4 exd5 5. cxd5 d6 6. Nc3 g6 7. g3 Bg7 8. Bg2
O-O 9. O-O a6 10. a4 Nbd7 11. Nd2 Rb8 12. Nc4 Nb6 13. Na3 Re8 14. a5 Na8 15. Nc4
b5 16. axb6 Nxb6 17. Na5 Bb7 18. Nc6 Bxc6 19. dxc6 d5 20. Bf4 Ra8 21. Bg5 Rc8
22. Rxa6 Rxc6 23. Nxd5 Rd6 24. e4 Nbxd5 25. Rxd6 Qxd6 26. exd5 Nd7 27. Bf4 Qf6
28. Qa4 Qe7 29. d6 Qe6 30. Bc6 Rd8 31. Qa5 Bf6 32. Re1 Qf5 33. h4 Kg7 34. Kg2 h6
35. Be4 Qh5 36. Bf3 Qf5 37. Qd2 Ne5 38. Bxh6+ Kh7 39. Be4 Qd7 40. h5 Qxd6 41.
hxg6+ fxg6 42. Qxd6 Rxd6 43. Bf4 Kg7 44. Bxg6 Rd5 45. Bf5 c4 46. Rc1 Rb5 47.
Bxe5 Rxe5 48. Bd7 Rc5 49. Rc2 c3 50. bxc3 Rxc3 51. Rd2 Be5 52. Bf5 Kf6 53. Be4
Rb3 54. Rc2 Bd4 55. Re2 Rb2 56. Bc2 Be5 57. f4 Bc3 58. g4 Rb4 59. g5+ Kf7 60.
Kf3 Bb2 61. Be4 Bc1 62. Rc2 Bb2 63. Rc7+ Kf8 64. Bd5 Rd4 65. Be6 Rd6 66. f5 Be5
67. Ra7 Bd4 68. Rb7 Bc3 69. Kg4 Be5 70. Kh5 Ra6 71. Rf7+ Ke8 72. Kg6 Bh8 73. Rc7
Be5 74. Rc4 Ba1 75. Re4 Bc3 76. f6 Kf8 77. Rc4 1-0

[Event "27th Czech Open A 2016"]
[Site "Pardubice CZE"]
[Date "2016.07.27"]
[Round "6.60"]
[White "Khaetsky, Roman"]
[Black "Mueer, Sebastian"]
[Result "1/2-1/2"]
[WhiteTitle "IM"]
[WhiteElo "2385"]
[BlackElo "2216"]
[WhiteFideId "14106221"]
[BlackFideId "24622001"]
[EventDate "2016.07.22"]

1. e4 c5 2. Nc3 Nc6 3. Bb5 Nd4 4. Bc4 e6 5. Nf3 a6 6. d3 Nf6 7. O-O b5 8. Bb3
Nxb3 9. axb3 Bb7 10. e5 Nd5 11. Nxd5 Bxd5 12. c4 Bb7 13. d4 d5 14. cxb5 axb5 15.
Be3 c4 16. Bg5 Be7 17. Bxe7 Qxe7 18. Rxa8+ Bxa8 19. Qd2 O-O 20. b4 Bc6 21. Ra1
Ra8 22. Rxa8+ Bxa8 23. g4 Bc6 24. h4 Be8 25. g5 Kh8 26. Kg2 Qf8 27. Nh2 h6 28.
gxh6 f6 29. Qf4 Bh5 30. exf6 gxf6 31. f3 Kh7 32. Ng4 Bxg4 33. Qxg4 Qg8 34. Kg3
e5 35. dxe5 fxe5 36. Kf2 Qxg4 37. fxg4 Kxh6 38. g5+ Kg6 39. Ke3 Kh5 40. Kf3 d4
41. Ke4 d3 42. Ke3 e4 43. Kd2 Kg6 44. Ke3 1/2-1/2

[Event "27th Czech Open A 2016"]
[Site "Pardubice CZE"]
[Date "2016.07.27"]
[Round "6.61"]
[White "Lagashin, Pavel"]
[Black "Kourousis, Epaminondas"]
[Result "1-0"]
[BlackTitle "IM"]
[WhiteElo "2148"]
[BlackElo "2382"]
[WhiteFideId "24132144"]
[BlackFideId "4211626"]
[EventDate "2016.07.22"]

1. c4 Nf6 2. Nc3 c5 3. g3 e6 4. Bg2 a6 5. Nf3 b6 6. d4 cxd4 7. Nxd4 Ra7 8. O-O
Bb7 9. e4 d6 10. Qa4+ Nfd7 11. f4 Be7 12. f5 exf5 13. Nxf5 O-O 14. Rd1 g6 15.
Nxe7+ Qxe7 16. Qb4 Nc6 17. Qxd6 Nde5 18. Qxe7 Nxe7 19. b3 Bc6 20. Bf4 f6 21. Rd6
b5 22. Bxe5 fxe5 23. c5 Rc8 24. Rad1 b4 25. Rd8+ Kg7 26. Rxc8 Nxc8 27. Nd5 Rb7
28. Bf1 Ra7 29. Nxb4 Bxe4 30. Bxa6 Ne7 31. Re1 Ba8 32. Rxe5 Nc6 33. Nxc6 Bxc6
34. Bc4 Rxa2 35. Re7+ Kh6 36. Re2 Ra5 37. b4 Ra1+ 38. Kf2 Rb1 39. b5 Bxb5 40.
Bxb5 Rxb5 41. Rc2 Kg5 42. c6 Rb8 43. c7 Rc8 44. Kf3 Kf5 45. Rc5+ Ke6 46. Kf4 Kd6
47. Rc2 h6 48. h4 Kd7 49. Ke5 Re8+ 50. Kf6 Kc8 51. Rc3 h5 52. Kxg6 Re5 53. Rf3
Kxc7 54. Rf5 Re8 55. Rg5 1-0

[Event "27th Czech Open A 2016"]
[Site "Pardubice CZE"]
[Date "2016.07.27"]
[Round "6.62"]
[White "Kvetny, Mark"]
[Black "Karousos-Theodorakis, Nikolaos"]
[Result "1-0"]
[WhiteTitle "FM"]
[WhiteElo "2379"]
[BlackElo "2222"]
[WhiteFideId "24603929"]
[BlackFideId "4275829"]
[EventDate "2016.07.22"]

1. d4 Nf6 2. c4 g6 3. Nc3 Bg7 4. e4 d6 5. Be2 O-O 6. Bg5 Na6 7. f4 c6 8. Qd2 b5
9. cxb5 cxb5 10. Bxb5 Rb8 11. a4 d5 12. exd5 Nxd5 13. Nf3 Nac7 14. O-O Bb7 15.
f5 gxf5 16. Bh6 f4 17. Bxg7 Kxg7 18. Ne5 Ne6 19. Nd7 Rg8 20. Nxb8 Qxb8 21. Nxd5
Bxd5 22. Be2 Kh8 23. Bf3 Bxf3 24. Rxf3 Ng5 25. Raa3 Nxf3+ 26. Rxf3 Rd8 27. Rxf4
e5 28. Rxf7 Qb6 29. a5 Qxd4+ 30. Qxd4 exd4 31. Kf2 Rb8 32. Rxa7 Rxb2+ 33. Kf3 d3
34. a6 Ra2 35. g4 Kg8 36. Ke3 d2 37. Ke2 h6 38. h3 Kh8 39. h4 Kg8 40. Kd1 Kh8
41. g5 hxg5 42. hxg5 Kg8 43. g6 Kh8 44. Rh7+ Kg8 45. a7 Ra6 46. Rb7 1-0

[Event "27th Czech Open A 2016"]
[Site "Pardubice CZE"]
[Date "2016.07.27"]
[Round "6.63"]
[White "Zanan, Evgeny"]
[Black "Semjonovs, Ilja"]
[Result "1/2-1/2"]
[WhiteTitle "FM"]
[WhiteElo "2450"]
[BlackElo "2181"]
[WhiteFideId "24101940"]
[BlackFideId "11604263"]
[EventDate "2016.07.22"]

1. d4 Nf6 2. c4 c5 3. d5 b5 4. cxb5 a6 5. bxa6 g6 6. Nc3 Bg7 7. e4 O-O 8. Be2
Qa5 9. Bd2 Bxa6 10. e5 Ne8 11. Nf3 d6 12. e6 fxe6 13. dxe6 Bxe2 14. Qxe2 Qa6 15.
Qxa6 Nxa6 16. Nd5 Ra7 17. Bc3 Bxc3+ 18. Nxc3 Ng7 1/2-1/2

[Event "27th Czech Open A 2016"]
[Site "Pardubice CZE"]
[Date "2016.07.27"]
[Round "6.64"]
[White "Lederman, Leon"]
[Black "Neuman, Petr"]
[Result "1/2-1/2"]
[WhiteTitle "IM"]
[BlackTitle "GM"]
[WhiteElo "2269"]
[BlackElo "2446"]
[WhiteFideId "2800403"]
[BlackFideId "305243"]
[EventDate "2016.07.22"]

1. e4 d6 2. d4 Nf6 3. Nc3 e5 4. Nf3 Nbd7 5. Be2 c6 6. a4 Be7 7. O-O a5 8. Be3
O-O 9. Nd2 Re8 10. f4 exf4 11. Rxf4 Nf8 12. Qf1 Ng6 13. Rf2 Be6 14. h3 d5 15.
Bd3 dxe4 16. Ndxe4 Nxe4 17. Nxe4 Bd5 18. Re2 Bxe4 19. Bxe4 Bf6 20. Bxg6 hxg6 21.
c3 Qd5 22. Bf2 Rxe2 1/2-1/2

[Event "27th Czech Open A 2016"]
[Site "Pardubice CZE"]
[Date "2016.07.27"]
[Round "6.65"]
[White "Ivanenko, Olga I."]
[Black "Kozionov, Kirill"]
[Result "1-0"]
[WhiteTitle "WFM"]
[BlackTitle "IM"]
[WhiteElo "2265"]
[BlackElo "2440"]
[WhiteFideId "14121093"]
[BlackFideId "24101729"]
[EventDate "2016.07.22"]

1. e4 d6 2. d4 g6 3. Nc3 Bg7 4. Be3 a6 5. a4 Nd7 6. Nf3 b6 7. Qd2 Bb7 8. h3 e6
9. Rd1 h6 10. Bc4 Ne7 11. O-O Nf6 12. d5 e5 13. Bd3 Nh7 14. Ne1 f5 15. exf5 gxf5
16. f4 e4 17. Bc4 Nf6 18. Bd4 h5 19. Ne2 Qd7 20. Nc3 h4 21. Qf2 Ng6 22. Ne2 Qxa4
23. Bb3 Qd7 24. c3 a5 25. Nc2 b5 26. Ne3 Ne7 27. c4 a4 28. Ba2 Ba6 29. cxb5 Bxb5
30. Rfe1 Kf7 31. Bc3 Bxe2 32. Rxe2 Ng6 33. Bxf6 Bxf6 34. Rc2 Rhb8 35. Qe2 Nxf4
36. Qf1 Bg5 37. Kh1 Kg6 38. Rf2 Nh5 39. Nxf5 Rf8 40. Nxh4+ Bxh4 41. Rxf8 Ng3+
42. Kg1 Nxf1 43. Rxa8 Ne3 44. Rd2 Qf7 45. Rxa4 Be1 46. Bb1 Bxd2 47. Bxe4+ Kh6 1-0

[Event "27th Czech Open A 2016"]
[Site "Pardubice CZE"]
[Date "2016.07.27"]
[Round "6.66"]
[White "Kanovsky, David"]
[Black "Lee, Jun Hyeok"]
[Result "1/2-1/2"]
[WhiteTitle "IM"]
[BlackTitle "FM"]
[WhiteElo "2430"]
[BlackElo "2261"]
[WhiteFideId "316210"]
[BlackFideId "13202340"]
[EventDate "2016.07.22"]

1. e4 c5 2. Nf3 e6 3. d4 cxd4 4. Nxd4 a6 5. Bd3 Nf6 6. O-O Qc7 7. Qe2 d6 8. Nc3
Nbd7 9. Kh1 Be7 10. f4 b5 11. a3 h5 12. Bd2 Bb7 13. Rae1 h4 14. Kg1 Rh5 15. f5
e5 16. Ne6 fxe6 17. fxe6 Rh8 18. exd7+ Qxd7 19. Qf3 O-O-O 20. a4 Rdf8 21. Qe2 b4
22. Nd5 Nxd5 23. exd5 Qc7 24. Be4 Kb8 25. Be3 Qa5 26. b3 Bd8 27. Rf2 Rxf2 28.
Qxf2 Bxd5 29. c4 Bxe4 30. Ba7+ Kb7 31. Rxe4 Bb6 32. Bxb6 Qxb6 33. Rg4 Rf8 34.
Rxg7+ Kc6 35. Qxb6+ Kxb6 36. Rg4 Rf4 37. Rxf4 exf4 38. Kf2 Kc5 39. Kf3 Kd4 40.
Kxf4 Kc3 41. g4 hxg3 42. hxg3 Kxb3 43. g4 Kxa4 44. g5 b3 45. g6 b2 46. g7 b1=Q
47. g8=Q Qb4 48. Ke3 Qc3+ 49. Ke4 a5 50. Qd5 Qe1+ 51. Kf5 Qf2+ 52. Ke6 Qc5 53.
Qxd6 Qxc4+ 54. Kf6 Kb3 55. Qb6+ Qb4 56. Qe6+ Ka3 57. Kg6 Qb1+ 58. Kh6 Qc1+ 59.
Kg7 Qc3+ 60. Kf8 a4 61. Qe2 Qb4+ 62. Ke8 Qb8+ 63. Kd7 Qb7+ 64. Kd8 Qd5+ 65. Ke8
Kb4 66. Qb2+ Qb3 67. Qd4+ Qc4 68. Qb2+ Kc5 69. Qd2 Kb6 70. Qd8+ Qc7 71. Qd4+ Kb5
72. Qb2+ Ka6 73. Qe2+ Ka7 74. Qf2+ Qb6 75. Qa2 Qb3 76. Qf2+ Ka6 77. Qf6+ Qb6 78.
Qc3 Qe6+ 79. Kf8 Qd6+ 80. Kg7 a3 81. Qc4+ Ka5 82. Qc3+ Qb4 83. Qc1 Ka4 84. Qc2+
Qb3 85. Qe4+ Kb5 86. Qb7+ Kc4 87. Qe4+ Kc3 88. Qe3+ Kb2 89. Qd2+ Ka1 90. Qc1+
Ka2 91. Kf8 Qb8+ 92. Ke7 Qe5+ 93. Kf8 Qf6+ 94. Ke8 Kb3 95. Qd1+ Kb4 96. Qb1+ Ka5
97. Qe1+ Ka6 98. Qe2+ Ka5 99. Qd2+ Ka4 100. Qd1+ Kb4 101. Qb1+ Qb2 102. Qe4+ Kc3
103. Qe3+ Kc4 104. Qe6+ Kd3 105. Qf5+ Ke3 106. Qg5+ Kf2 107. Qf4+ Kg1 108. Qg3+
Kf1 109. Qf3+ Ke1 110. Qg3+ 1/2-1/2

[Event "27th Czech Open A 2016"]
[Site "Pardubice CZE"]
[Date "2016.07.27"]
[Round "6.67"]
[White "Jablonicky, Martin"]
[Black "Vokac, Marek"]
[Result "0-1"]
[WhiteTitle "FM"]
[BlackTitle "GM"]
[WhiteElo "2244"]
[BlackElo "2415"]
[WhiteFideId "14925621"]
[BlackFideId "300101"]
[EventDate "2016.07.22"]

1. d4 Nf6 2. c4 e6 3. Nf3 c5 4. d5 b5 5. Bg5 h6 6. Bxf6 Qxf6 7. Nc3 b4 8. Nb5
Kd8 9. e4 g5 10. e5 Qf4 11. h3 Bb7 12. Bd3 g4 13. hxg4 exd5 14. Rh4 dxc4 15. g5
Bxf3 16. Rxf4 Bxd1 17. Be4 hxg5 18. Rxf7 Ba4 19. Bxa8 Bxb5 20. O-O-O Ke8 21. Rf5
Bc6 22. Bxc6 Nxc6 23. Kb1 Be7 0-1

[Event "27th Czech Open A 2016"]
[Site "Pardubice CZE"]
[Date "2016.07.27"]
[Round "6.68"]
[White "Padmini, Rout"]
[Black "Paszewski, Mateusz"]
[Result "1-0"]
[WhiteTitle "IM"]
[WhiteElo "2415"]
[BlackElo "2270"]
[WhiteFideId "5029295"]
[BlackFideId "1141058"]
[EventDate "2016.07.22"]

1. e4 c5 2. Nf3 d6 3. d4 cxd4 4. Nxd4 Nf6 5. Nc3 g6 6. Be3 Bg7 7. f3 O-O 8. Qd2
Nc6 9. O-O-O d5 10. Qe1 e5 11. Nxc6 bxc6 12. exd5 Nxd5 13. Bc4 Be6 14. Kb1 Rb8
15. Bxa7 Rb7 16. Bc5 e4 17. Na4 exf3 18. Bxf8 Qxf8 19. Bb3 fxg2 20. Rg1 Nf4 21.
Qh4 Nd5 22. Rxg2 Bf6 23. Qe1 Qg7 24. Re2 Re7 25. Qa5 h5 26. Qa8+ Kh7 27. Qxc6
Nf4 28. Re4 g5 29. h4 Bxb3 30. axb3 Rxe4 31. Qxe4+ Qg6 32. Qf3 Ne6 33. hxg5 Nxg5
34. Qf4 Ne6 35. Qc4 Qf5 36. Nc3 Bxc3 37. bxc3 Qg4 38. Qd3+ Kh6 39. Rf1 Ng5 40.
Qd8 Kh7 41. Qf6 h4 42. Rf5 Ne6 43. Qxf7+ Ng7 44. Rf4 Qg5 45. Qc4 Nf5 46. Qe4 1-0

[Event "27th Czech Open A 2016"]
[Site "Pardubice CZE"]
[Date "2016.07.27"]
[Round "6.69"]
[White "Girish, A. Koushik"]
[Black "Jedlicka, Ales"]
[Result "1-0"]
[WhiteTitle "IM"]
[BlackTitle "FM"]
[WhiteElo "2399"]
[BlackElo "2239"]
[WhiteFideId "5038448"]
[BlackFideId "304824"]
[EventDate "2016.07.22"]

1. d4 Nf6 2. Bg5 g6 3. Bxf6 exf6 4. e3 Bg7 5. h4 f5 6. h5 d6 7. c3 c6 8. Nd2 Be6
9. Ne2 Nd7 10. Nf4 Qe7 11. Bd3 O-O-O 12. Qa4 Kb8 13. O-O-O Nb6 14. Qa5 Bf6 15.
Kb1 d5 16. Rc1 g5 17. Nxe6 fxe6 18. c4 dxc4 19. Nxc4 Nxc4 20. Rxc4 Rd5 21. Qd2
Rhd8 22. Rhc1 e5 23. Bxf5 exd4 24. e4 Rb5 25. Qd3 h6 26. g3 Be5 27. R4c2 Qd6 28.
Qxb5 d3 29. Rxc6 1-0

[Event "27th Czech Open A 2016"]
[Site "Pardubice CZE"]
[Date "2016.07.27"]
[Round "6.70"]
[White "Davletbayeva, Madina"]
[Black "Tunik, Gennady"]
[Result "0-1"]
[WhiteTitle "WIM"]
[BlackTitle "GM"]
[WhiteElo "2235"]
[BlackElo "2390"]
[WhiteFideId "13703595"]
[BlackFideId "4101219"]
[EventDate "2016.07.22"]

1. e4 c5 2. Nf3 e6 3. d4 cxd4 4. Nxd4 a6 5. c4 Nf6 6. Nc3 Bb4 7. Qd3 d6 8. Be2
Nbd7 9. f3 Qc7 10. Nc2 Ne5 11. Qd4 Bc5 12. Qd1 O-O 13. Be3 Bd7 14. O-O b5 15.
cxb5 axb5 16. Bxb5 Bxe3+ 17. Nxe3 Qb6 18. Qe2 Bxb5 19. Nxb5 d5 20. a4 dxe4 21.
fxe4 Nfg4 22. Rfe1 Rfb8 23. Nc3 Qxe3+ 24. Qxe3 Nxe3 25. Rxe3 Rxb2 26. Ree1 Rb4
27. Reb1 Rc4 28. Rb3 g6 29. a5 Ra6 30. Raa3 Kg7 31. Kf2 Kf6 32. Ke2 h5 33. h3 h4
34. Ra1 Rc5 35. Nb5 Nc6 36. Kd3 Rxa5 37. Rxa5 Nxa5 38. Rb1 Nc6 39. Nd6 Ne5+ 40.
Kd4 Ra5 41. Rb7 Ra4+ 42. Ke3 Ra2 43. Kd4 Rd2+ 44. Kc5 g5 45. Ne8+ Kg6 46. Rb1
Rxg2 47. Kd6 Nd3 48. Ke7 Rb2 49. Rxb2 Nxb2 50. Nf6 Nd3 51. Ng4 f5 52. exf5+ exf5 0-1

[Event "27th Czech Open A 2016"]
[Site "Pardubice CZE"]
[Date "2016.07.27"]
[Round "6.71"]
[White "Contin, Daniel"]
[Black "Plischki, Sebastian"]
[Result "1/2-1/2"]
[WhiteTitle "IM"]
[BlackTitle "IM"]
[WhiteElo "2232"]
[BlackElo "2373"]
[WhiteFideId "803618"]
[BlackFideId "4637143"]
[EventDate "2016.07.22"]

1. c4 e5 2. Nc3 Nc6 3. g3 Bc5 4. Bg2 d6 5. e3 a6 6. Nge2 Ba7 7. d4 Nf6 8. b3 O-O
9. dxe5 Nxe5 10. h3 Rb8 11. Nf4 b5 12. cxb5 axb5 13. a4 bxa4 14. Rxa4 Bc5 15.
O-O Bd7 16. Ra2 Ng6 17. Nd3 Bb6 18. Bb2 Re8 19. Qd2 Nf8 20. Nb4 Qc8 21. Nbd5
Nxd5 22. Nxd5 Bxh3 23. Qc3 f6 24. Nxf6+ gxf6 25. Qxf6 Re5 26. Bd5+ Be6 27. Rd1
Bxd5 28. Rxd5 Nd7 29. Qf3 Qe8 30. Ra4 Qe6 31. Rg4+ Kh8 32. Qd1 Rg8 33. Rh4 Rg7
34. Qd3 Kg8 35. Bxe5 Nxe5 36. Qd1 Ng4 37. Qf3 Ne5 38. Qd1 Ng4 39. Qf3 Ne5 40.
Qh5 Qg6 41. Kg2 1/2-1/2

[Event "27th Czech Open A 2016"]
[Site "Pardubice CZE"]
[Date "2016.07.27"]
[Round "6.72"]
[White "Schuh, Dirk"]
[Black "Johannesson, Oliver"]
[Result "1-0"]
[WhiteTitle "IM"]
[BlackTitle "FM"]
[WhiteElo "2373"]
[BlackElo "2232"]
[WhiteFideId "4655311"]
[BlackFideId "2305623"]
[EventDate "2016.07.22"]

1. d4 Nf6 2. c4 c5 3. Nf3 cxd4 4. Nxd4 e5 5. Nc2 d5 6. cxd5 Qxd5 7. Qxd5 Nxd5 8.
e4 Nb4 9. Nxb4 Bxb4+ 10. Bd2 Bxd2+ 11. Nxd2 O-O 12. Bc4 Nc6 13. Rc1 Nd4 14. Nf3
Nxf3+ 15. gxf3 Bd7 16. Bd5 Rac8 17. Kd2 Rxc1 18. Rxc1 Rd8 19. Rc7 b5 20. Rxa7
Bc6 21. Ra3 Bxd5 22. Rd3 f6 23. Rxd5 Rb8 24. Kc3 b4+ 25. Kc4 Ra8 26. Kb3 Rb8 27.
Kc4 Ra8 28. Kb3 Rb8 29. Rc5 Rd8 30. Kxb4 Rd2 31. Kb3 Rxf2 32. Rc3 Rxh2 33. a4
Rd2 34. a5 Rd8 35. Ka4 1-0

[Event "27th Czech Open A 2016"]
[Site "Pardubice CZE"]
[Date "2016.07.27"]
[Round "6.73"]
[White "Seger, Ruediger"]
[Black "Xylogiannopoulos, Antonios"]
[Result "1/2-1/2"]
[WhiteTitle "IM"]
[WhiteElo "2368"]
[BlackElo "2231"]
[WhiteFideId "4617274"]
[BlackFideId "4215133"]
[EventDate "2016.07.22"]

1. e4 d5 2. exd5 Qxd5 3. Nc3 Qd6 4. d4 Nf6 5. Nf3 c6 6. Ne5 Nbd7 7. Nc4 Qc7 8.
Qf3 Nb6 9. Bf4 Qd7 10. O-O-O Qg4 11. Qxg4 Bxg4 12. f3 Be6 13. Ne5 Nfd5 14. Bd2
Nxc3 15. Bxc3 g6 16. h4 Bh6+ 17. Bd2 Bxd2+ 18. Rxd2 h5 19. Be2 O-O-O 20. Bd1 Nc4
21. Nxc4 Bxc4 22. Re1 Be6 23. c3 Rd6 24. Rde2 Re8 25. Bc2 Kd7 26. Re5 Rd5 27.
R5e3 Rd6 28. Re5 Rd5 29. R5e3 Rd6 30. Re5 1/2-1/2

[Event "27th Czech Open A 2016"]
[Site "Pardubice CZE"]
[Date "2016.07.27"]
[Round "6.74"]
[White "Mueller, Constantin"]
[Black "Erenberg, Ariel"]
[Result "1/2-1/2"]
[BlackTitle "FM"]
[WhiteElo "2229"]
[BlackElo "2359"]
[WhiteFideId "24697630"]
[BlackFideId "2811634"]
[EventDate "2016.07.22"]

1. d4 Nf6 2. c4 e6 3. g3 d5 4. Bg2 Be7 5. Nf3 O-O 6. O-O dxc4 7. Qc2 a6 8. a4
Bd7 9. Rd1 Bc6 10. Nc3 Bb4 11. Bg5 Nbd7 12. d5 exd5 13. Nxd5 Bxd5 14. Rxd5 Qe8
15. Rdd1 h6 16. Bf4 Nb6 17. Bxc7 Nbd5 18. Be5 Rc8 19. e4 Ne7 20. Bxf6 gxf6 21.
e5 Ng6 22. exf6 c3 23. b3 Qe6 24. Nd4 Qxf6 25. Bxb7 Rcd8 26. Nc6 Rd2 27. Rxd2
cxd2 28. Rd1 Bc3 29. Qe4 a5 30. h4 h5 31. Ba6 Kg7 32. Bb7 Qd6 33. Kg2 Qd7 34.
Qf3 Bf6 35. Nxa5 Ne5 36. Qxh5 Qd3 37. Nc4 Nxc4 38. Qg4+ Kh6 39. bxc4 Rd8 40. Be4
Qxc4 41. Qf5 Kg7 42. h5 Qxa4 43. h6+ Kf8 44. Qxf6 Qxe4+ 45. Qf3 Qxf3+ 46. Kxf3
Rd6 47. Ke3 Rxh6 48. Rxd2 Kg7 49. f4 Rh1 50. g4 Rg1 51. Kf3 Rf1+ 52. Ke4 Ra1 53.
Rd5 Ra4+ 54. Kf5 Rb4 55. g5 Ra4 56. Rb5 1/2-1/2

[Event "27th Czech Open A 2016"]
[Site "Pardubice CZE"]
[Date "2016.07.27"]
[Round "6.75"]
[White "Lokander, Martin"]
[Black "Commercon, Simon"]
[Result "0-1"]
[WhiteTitle "FM"]
[WhiteElo "2359"]
[BlackElo "2221"]
[WhiteFideId "1709569"]
[BlackFideId "24620998"]
[EventDate "2016.07.22"]

1. d4 Nf6 2. c4 g6 3. Nc3 Bg7 4. e4 d6 5. Be2 O-O 6. Nf3 e5 7. d5 a5 8. Bg5 Na6
9. Nd2 Qe8 10. a3 Bd7 11. b3 Nc5 12. b4 Na4 13. Nxa4 Bxa4 14. Qc1 c6 15. dxc6
bxc6 16. O-O d5 17. f3 Nh5 18. Bd1 Bxd1 19. Qxd1 h6 20. Be3 d4 21. Bf2 axb4 22.
axb4 Qe7 23. c5 Rfb8 24. Rxa8 Rxa8 25. Nc4 Nf4 26. Bg3 Nh5 27. Be1 Nf4 28. Bd2
Ne6 29. Na5 Qd7 30. Qa4 Ra6 31. Qc2 h5 32. Qd3 Ra8 33. Ra1 Kh7 34. Ra3 Nf4 35.
Bxf4 exf4 36. Qc4 f5 37. b5 cxb5 38. Qd5 Qxd5 39. exd5 b4 40. Ra4 b3 41. d6 b2
42. Rb4 d3 43. Kf2 Bd4+ 44. Ke1 Bc3+ 45. Kd1 Bxb4 46. c6 b1=Q# 0-1

[Event "27th Czech Open A 2016"]
[Site "Pardubice CZE"]
[Date "2016.07.27"]
[Round "6.76"]
[White "Dobes, Vojtech"]
[Black "Tomazini, Aljosa"]
[Result "1/2-1/2"]
[BlackTitle "FM"]
[WhiteElo "2220"]
[BlackElo "2359"]
[WhiteFideId "333913"]
[BlackFideId "14608154"]
[EventDate "2016.07.22"]

1. e4 c5 2. Nf3 e6 3. d4 cxd4 4. Nxd4 Nc6 5. Nc3 Qc7 6. Be3 a6 7. Be2 b5 8. Nxc6
Qxc6 9. Bf3 Bb7 10. O-O Rc8 11. e5 Qc7 12. Bxb7 Qxb7 13. f4 f5 14. Qd3 Ne7 15.
a3 Nc6 16. a4 b4 17. Ne2 Be7 18. Rfd1 Na5 19. b3 Rc7 20. Rac1 O-O 21. h3 Rfc8
22. Bd4 Nc6 23. Bf2 Bf8 24. c4 bxc3 25. Rxc3 Nb4 26. Rxc7 Rxc7 27. Qb1 Nd5 28.
Qd3 Qc8 29. g4 fxg4 30. hxg4 Rc2 31. f5 Bc5 32. Bxc5 Qxc5+ 33. Qd4 Qa3 34. fxe6
dxe6 35. Qd3 Qc5+ 36. Qd4 Qe7 37. Qe4 Rxe2 38. Qxe2 Nc3 39. Qd3 Nxd1 40. Qxd1
Qc5+ 41. Kg2 Qxe5 42. Qd8+ Kf7 43. Qd7+ Kg6 44. Qd3+ Kf6 45. Qd8+ Kf7 46. Qd7+
Kg6 47. Qd3+ Kf6 48. Qd8+ Kf7 49. Qd7+ Kg6 1/2-1/2

[Event "27th Czech Open A 2016"]
[Site "Pardubice CZE"]
[Date "2016.07.27"]
[Round "6.77"]
[White "Hansen, Mads"]
[Black "Krykun, Yuriy"]
[Result "1-0"]
[WhiteTitle "FM"]
[BlackTitle "FM"]
[WhiteElo "2353"]
[BlackElo "2217"]
[WhiteFideId "1401610"]
[BlackFideId "14140667"]
[EventDate "2016.07.22"]

1. e4 c5 2. Nf3 Nc6 3. d4 cxd4 4. Nxd4 e5 5. Nb5 a6 6. Nd6+ Bxd6 7. Qxd6 Qe7 8.
Qd2 Nf6 9. f3 d6 10. c4 O-O 11. Nc3 Be6 12. Bd3 Nd4 13. O-O b5 14. Nd5 Qd8 15.
b3 bxc4 16. Bxc4 Bxd5 17. exd5 Nd7 18. Bb2 Nf5 19. Rae1 Nb6 20. Bd3 Ne7 21. f4
exf4 22. Rxf4 Ng6 23. Rf5 Nd7 24. Rh5 Qb6+ 25. Kh1 Rae8 26. Rf1 Qe3 27. Qc3 f6
28. Rh3 Qb6 29. Bf5 Nde5 30. Be6+ Rxe6 31. dxe6 Re8 32. Qd4 Qb5 33. Rc1 Rxe6 34.
Re3 Nc6 35. Qd3 Rxe3 36. Qxe3 Kf7 37. Qe4 d5 38. Qc2 Nce7 39. Re1 Qb4 40. Bc3
Qg4 41. Qd1 Qf5 42. Qe2 Qc8 43. Bb2 Qc6 44. Ba3 Ne5 45. Rc1 Qb7 46. Bd6 N7c6 47.
Qh5+ Ke6 48. Bxe5 Nxe5 49. Qxh7 d4 50. Qh3+ Kf7 51. Qh5+ Ke6 52. Qe8+ Kf5 53.
Rf1+ Ke4 54. Re1+ Kf5 55. Qh5+ Ke6 56. Qg4+ 1-0

[Event "27th Czech Open A 2016"]
[Site "Pardubice CZE"]
[Date "2016.07.27"]
[Round "6.78"]
[White "Thakur, Akash"]
[Black "Volodin, Viktor"]
[Result "1-0"]
[WhiteTitle "FM"]
[BlackTitle "IM"]
[WhiteElo "2339"]
[BlackElo "2190"]
[WhiteFideId "5008514"]
[BlackFideId "4108701"]
[EventDate "2016.07.22"]

1. e4 c5 2. Nf3 Nc6 3. Bb5 g6 4. Bxc6 dxc6 5. h3 e5 6. d3 f6 7. a4 Nh6 8. a5 Nf7
9. Be3 Bd6 10. Qd2 Qe7 11. Qc3 Nd8 12. Nbd2 Ne6 13. a6 b6 14. b4 Bd7 15. bxc5
Bxc5 16. O-O O-O 17. Nc4 Rad8 18. Rad1 Nd4 19. Nxd4 exd4 20. Bxd4 Bxd4 21. Qxd4
Bg4 22. Qe3 Bxd1 23. Rxd1 Rfe8 24. Kh1 Kg7 25. f4 Qc5 26. Qxc5 bxc5 27. Rb1 Kf7
28. Na5 Rc8 29. Rb3 Rc7 30. Rc3 Ke7 31. Nb7 Rb8 32. Rxc5 Rcxb7 33. axb7 Kd6 34.
d4 Rxb7 35. Kg1 Rb1+ 36. Kf2 Ra1 37. e5+ fxe5 38. fxe5+ Kd7 39. c4 a5 40. d5
cxd5 41. cxd5 a4 42. Ra5 Rd1 43. Ke2 Rd4 44. Ke3 Rd1 45. Ra7+ Kc8 46. d6 Ra1 47.
Ke4 a3 48. Kd5 a2 49. Ke6 Kb8 50. d7 1-0